[Event "SA-2018-0-00656"]
[Site "LSS email"]
[Date "2018.11.06"]
[Round "?"]
[White "Ovdienko, Mikhail"]
[Black "Speisser, Patrick"]
[Result "1-0"]
[WhiteElo "2204"]
[BlackElo "2088"]
[PlyCount "111"]
[EventDate "2018.09.30"]
[EventType "tourn (corr)"]
[EventRounds "6"]
[EventCountry "GER"]
[SourceTitle "Corr 2022"]
[Source "ChessBase"]
[SourceDate "2021.10.24"]
[SourceVersion "1"]
[SourceVersionDate "2021.10.24"]
[SourceQuality "1"]

1. e4 e5 2. Nf3 Nc6 3. Bb5 a6 4. Ba4 Nf6 5. 0-0 Be7 6. Re1 b5 7. Bb3 0-0 8. d3 Bc5 9. c3 d6 10. Bg5 h6 11. Bh4 Rb8 12. Nbd2 g5 13. Bg3 Bb6 14. Nf1 a5 15. h3 Bd7 16. d4 Re8 17. Bc2 b4 18. Rc1 Kg7 19. a3 Ba7 20. Ba4 bxa3 21. bxa3 Kg8 22. Re2 Kh7 23. Qc2 Nh5 24. Rd2 Qe7 25. Ne3 f6 26. Bh2 Red8 27. Nd5 Qf7 28. Kh1 Kh8 29. Nxc7 g4 30. Nh4 gxh3 31. g4 Bxg4 32. Bxc6 Qxc7 33. Bd5 Rg8 34. Bxg8 Rxg8 35. Rg1 Qf7 36. Qa4 Rg5 37. Rb2 Qe6 38. Qc6 exd4 39. cxd4 Qg8 40. Rbb1 Bxd4 41. Qxd6 Bc5 42. Qc7 Qg7 43. Rb8+ Kh7 44. Rb7 Bxf2 45. Rxg4 Rxg4 46. Qc8 Rxh4 47. Qf5+ Kg8 48. Rxg7+ Kxg7 49. Qxf2 Rxe4 50. Qf3 Re1+ 51. Bg1 Re5 52. Qxh3 Kf7 53. Qd7+ Re7 54. Qd5+ Kg6 55. Qd3+ Kg7 56. Bh2 1-0

[Event "SA-2018-0-00656"]
[Site "LSS email"]
[Date "2018.11.06"]
[Round "?"]
[White "Sciarretta, Robert W"]
[Black "Speisser, Patrick"]
[Result "1/2-1/2"]
[WhiteElo "2143"]
[BlackElo "2088"]
[PlyCount "145"]
[EventDate "2018.09.30"]
[EventType "tourn (corr)"]
[EventRounds "6"]
[EventCountry "GER"]
[SourceTitle "Corr 2022"]
[Source "ChessBase"]
[SourceDate "2021.10.24"]
[SourceVersion "1"]
[SourceVersionDate "2021.10.24"]
[SourceQuality "1"]

1. d4 Nf6 2. c4 e6 3. Nf3 d5 4. Nc3 dxc4 5. e4 Bb4 6. Bxc4 Nxe4 7. 0-0 Bxc3 8. bxc3 Nxc3 9. Qb3 Nd5 10. Ba3 c6 11. Rfe1 f6 12. Nd2 b5 13. Qg3 Kf7 14. Bd3 Na6 15. Rac1 Qd7 16. h3 b4 17. Bb2 Nac7 18. Nb3 Nb5 19. Qf3 Qd6 20. Nc5 a5 21. Qh5+ Kf8 22. Qf3 Bd7 23. Rc2 Kf7 24. Nb7 Qc7 25. Nc5 Nd6 26. h4 Rad8 27. Rce2 Rde8 28. a3 Nb7 29. axb4 axb4 30. Ne4 h6 31. Bc1 Ra8 32. Ng3 Nd6 33. Bf4 Ra3 34. Nh5 g5 35. Bc1 Ra1 36. hxg5 hxg5 37. Bxg5 Rxe1+ 38. Rxe1 Nf5 39. Bc1 Qa7 40. Bb2 Qb8 41. Ra1 Ng7 42. Ng3 Ne8 43. Qg4 f5 44. Qg5 Nef6 45. Be2 Rg8 46. Qd2 Qf4 47. Qxf4 Nxf4 48. Bc4 Rg4 49. Bc1 N6d5 50. Rb1 Ke7 51. Bxf4 Rxf4 52. Bxd5 exd5 53. Ne2 Re4 54. Kf1 c5 55. f3 Rh4 56. dxc5 Bb5 57. Kf2 Kd7 58. Kg3 Rc4 59. Nf4 Rd4 60. Nxd5 Rxd5 61. Rxb4 Rxc5 62. Kf4 Bc4 63. Kg5 Ke6 64. Rb6+ Ke7 65. Rb7+ Kd6 66. Rb6+ Ke5 67. g4 fxg4 68. fxg4 Rc8 69. Rb4 Ke4 70. Ra4 Rc5+ 71. Kh6 Rc6+ 72. Kh5 Kf3 73. Ra3+ 1/2-1/2

[Event "SA-2018-0-00656"]
[Site "LSS email"]
[Date "2018.11.06"]
[Round "?"]
[White "Speisser, Patrick"]
[Black "Plutarco, Fosca"]
[Result "0-1"]
[WhiteElo "2088"]
[BlackElo "2131"]
[PlyCount "92"]
[EventDate "2018.09.30"]
[EventType "tourn (corr)"]
[EventRounds "6"]
[EventCountry "GER"]
[SourceTitle "Corr 2022"]
[Source "ChessBase"]
[SourceDate "2021.10.24"]
[SourceVersion "1"]
[SourceVersionDate "2021.10.24"]
[SourceQuality "1"]

1. e4 d5 2. exd5 Nf6 3. d4 Nxd5 4. Nf3 g6 5. c4 Nb6 6. c5 Nd5 7. Bc4 Bg7 8. Nc3 c6 9. 0-0 Be6 10. Ng5 Nxc3 11. Nxe6 Nxd1 12. Nxd8 Nxb2 13. Bxf7+ Kxd8 14. Bxb2 Na6 15. Rac1 Rf8 16. Be6 Nc7 17. Bh3 Nd5 18. g3 Kc7 19. Rfe1 Bf6 20. Bf1 h5 21. a4 g5 22. Rc4 Rf7 23. a5 a6 24. Be2 g4 25. h4 Kd7 26. Bc1 e6 27. Bd3 Rh8 28. Be4 Bd8 29. Bd2 Rhf8 30. Re2 Rg8 31. Ra4 Bf6 32. Kg2 Re7 33. Be3 Nc3 34. Rb4 Nxe2 35. Rxb7+ Kc8 36. Rb6 Nxd4 37. Bxd4 Bxd4 38. Rxc6+ Rc7 39. Rxa6 Rgg7 40. Ra8+ Kd7 41. c6+ Kd6 42. Rd8+ Ke5 43. f3 Ra7 44. Rh8 Kd6 45. Rxh5 gxf3+ 46. Bxf3 Be5 0-1